|
|
|
|
| LEADER |
00000nab a2200000 a 4500 |
| 001 |
vtls011537199 |
| 003 |
SK-MaSNL |
| 005 |
20260303154318.0 |
| 008 |
230222|1971 xo |||||||||||||||||slo| |
| 015 |
|
|
|a SNBRB
|
| 035 |
|
|
|a (urnnbn)urn:nbn:sk:snk:ar-0051he
|
| 035 |
|
|
|a (uuid)22378c86-9a86-41c7-bfe2-2c99bd337bca
|
| 035 |
|
|
|a urn:nbn:sk:snk-abew6z
|
| 040 |
|
|
|a SNKBUCL
|b slo
|c SNKBUCL
|e AACR2
|
| 041 |
0 |
|
|a slo
|
| 044 |
|
|
|a xo
|c SK
|
| 100 |
1 |
|
|a Kotvan, Imrich,
|d 1910-1984
|4 aut
|9 101596
|
| 245 |
1 |
0 |
|a Jozef Kuzmík päťdesiatročný
|c Imrich Kotvan
|
| 600 |
1 |
7 |
|a Kuzmík, Jozef,
|d 1921-2001
|2 SNKMA
|9 88876
|
| 773 |
0 |
|
|t Slovenská literatúra
|g Roč. 18, č. 4 (1971), s. 423-424
|
| 954 |
|
|
|a odborná, vedecká literatúra pôvodná (slovenská)
|2 lita
|
| 958 |
|
|
|a OND
|
| 958 |
|
|
|a EUIPO
|
| 958 |
|
|
|a article22
|
| 999 |
|
|
|c 2033366
|d 2035296
|